L'idole : roman /
| Main Author: | Merle, Robert, 1908-2004 |
|---|---|
| Language: | French |
| Published: |
Paris : Plon, 1987 |
| Physical Description: |
448 s. |
| LEADER | 00557nam a2200193 a 4500 | ||
|---|---|---|---|
| 001 | 000320495 | ||
| 003 | CZ BrMZK | ||
| 005 | 19980105143423.0 | ||
| 007 | ta | ||
| 008 | 980105s1987 fr f fre d | ||
| 040 | |a BOA001 |b cze | ||
| 080 | |a 840-31 |2 MRF | ||
| 100 | 1 | |a Merle, Robert, |d 1908-2004 |7 jn20000604000 |4 aut | |
| 245 | 1 | 2 | |a L'idole : |b roman / |c Robert Merle. |
| 260 | |a Paris : |b Plon, |c 1987 | ||
| 300 | |a 448 s. | ||
| 910 | |a BOA001 |b 2-0984.970 | ||
| 990 | |a BK | ||
| 996 | 7 | |b 2619854758 |c 2-0984.970 |l MZK |r Sklad / do 1 hodiny |n 16 |w 000320495 |u 000010 |a 1 |e BOA001 |j MZK50 |s A | |
English
Čeština 